Creep and shrinkage properties in concrete containing fly ash /

Bibliographic Details
Main Author: Sennour, Mohand L.
Corporate Authors: Texas. State Department of Highways and Public Transportation, University of Texas at Austin. Center for Transportation Research
Other Authors: Carrasquillo, R. L.
Format: Government Document Book
Language:English
Published: Austin, Tex. : Springfield, Va. : Center for Transportation Research ; Available through the National Technical Information Service, [1989]
Series:Research report (Austin, Tex.) ; no. 481-6.
Subjects:

MARC

Tag First Indicator Second Indicator Subfields
LEADER 00000cam a2200000 a 4500
001 in00000994113
005 20150927152739.0
008 900830d19891100txua tb 00010 eng d
027 |a FHWA/TX-90+481-6 
035 |a (OCoLC)22299132 
035 |9 AEX8161AM 
040 |a CBT  |c CBT  |d UtOrBLW 
049 |a TXAM 
086 |a H1333.7 R311 no. 481-6  |2 txdocs 
090 |a TA1001  |b .R48 no.481-6 
100 1 |a Sennour, Mohand L. 
245 1 0 |a Creep and shrinkage properties in concrete containing fly ash /  |c by Mohand L. Sennour and R.L. Carrasquillo ; conducted for Texas State Department of Highways and Public Transportation in cooperation with the U.S. Department of Transportation, Federal Highway Administration by the Center for Transportation Research, Bureau of Engineering Research, the University of Texas at Austin. 
264 1 |a Austin, Tex. :  |b Center for Transportation Research ;  |a Springfield, Va. :  |b Available through the National Technical Information Service,  |c [1989] 
300 |a xix, 112 pages :  |b illustrations ;  |c 28 cm. 
336 |a text  |b txt  |2 rdacontent 
337 |a unmediated  |b n  |2 rdamedia 
338 |a volume  |b nc  |2 rdacarrier 
490 1 |a Research report ;  |v no. 481-6 
513 |a Interim report. 
500 |a "November, 1989." 
504 |a Includes bibliographical references. 
500 |a Research study title::Durability and performance of concrete containing fly ash. 
536 |a Sponsored by Texas State Dept. of Highways and Public Transportation, Transportation Planning Division.  |d 3-5/9-481. 
650 0 |a Pavements, Concrete  |x Additives  |x Testing. 
650 0 |a Concrete  |x Creep. 
650 0 |a Concrete  |x Expansion and contraction. 
650 0 |a Fly ash. 
700 1 |a Carrasquillo, R. L. 
710 1 |a Texas.  |b State Department of Highways and Public Transportation. 
710 2 |a University of Texas at Austin.  |b Center for Transportation Research. 
740 0 |a Durability and performance of concrete containing fly ash. 
830 0 |a Research report (Austin, Tex.) ;  |v no. 481-6. 
999 |a MARS 
999 f f |s 08a67481-84d2-37c9-9e7f-7c6a0c7e1c95  |i 62c764d8-73f5-348b-9343-c44aa5288392  |t 0 
952 f f |p ric  |a Texas A&M University  |b Rellis Campus  |c Joint Library Facility  |d Remote Storage  |t 0  |e HE203 .T43 no.481-6  |h Library of Congress classification  |i unmediated -- volume  |m A14815059427 
998 f f |a HE203 .T43 no.481-6  |t 0  |l Remote Storage